NBA Top 10 Secound Round Draft Picks All-Time - Statistics

General Stats
  • This quiz has been taken 191 times
  • The average score is 3 of 10
Answer Stats
Player % Correct
Manu Ginóbili
67%
Draymond Green
61%
Isaiah Thomas
48%
Dennis Rodman
45%
Marc Gasol
23%
Gilbert Arenas
22%
Paul Millsap
16%
Toni Kukoč
14%
Mark Price
13%
Nick Van Exel
6%
No matching quizzes found
Score Distribution
Percent of People with Each Score
Percentile by Number Answered
Your Score History
You have not taken this quiz